000 01771nam a2200301 a 4500
001 BRCA_2800
005 20190320203956.0
008 081208s1905----sp-a---###---#000-0dspa-u
041 _aspa
044 _asp
084 _a254
_b.H47
_c1905
100 1 _aCervantes Saavedra, Miguel de
_d1547-1616
_9213
245 1 0 _aEl Ingenioso Hidalgo Don Quijote de la Mancha
_ccompuesto por Miguel de Cervantes Saavedra.
260 _aMadrid
_bLos hijos de M.G. Hernández
_c1905
300 _acxxvii, 896 p.
_bil.
_c29 cm.
500 _aContenido : Primera parte. Dedicatoria del autor. Prólogo del autor. Notas al título de la historia. Discurso preliminar. Vida de Cervantes. Documentos que acreditan algunos sucesos de la misma. Versos preliminares. Texto. Segunda parte. Dedicatoria del autor. Prólogo del autor. Texto
500 _aEdición : Con nuevo análisis y con la vida del autor publicada por D. Juan Antonio Pellicer
500 _aReproducción de la edición de Pellicer, Madrid, Gabriel de Sancha, 1797, publicado por el Centro del Ejército y de la Armada, que la dedicó a Miguel de Cervantes Saavedra, en el tercer centenario de la publicación del inmortal Quijote, como reza la anteportada. Bien impresa, portada a dos colores, rojo y negro. Tela; cubierta decorada con motivos bélicos dorados Lúdovik Osterc
500 _aQM1133
650 1 4 _aNovela española
_yÉpoca clásica, 1500-700
_97859
650 1 4 _aLiteratura española
_yÉpoca clásica, 1500-1700
_9216
650 1 4 _aNovela española
_ySiglo XVII
_9217
650 1 4 _aDon Quijote (Personaje ficticio)
_eNovela
_9218
700 1 _aPellicer y Pilares, Juan Antonio
_d1738-1806
_eBiógrafo
_97860
740 0 _aEl Ingenioso Hidalgo Don Quijote de la Mancha
902 _aQFM
942 _2lcc
_cB
999 _c2540
_d2540